| 000 | 00560nam a22001931a 4500 | ||
|---|---|---|---|
| 001 | 4835 | ||
| 003 | OSt | ||
| 005 | 20260204211949.0 | ||
| 008 | 050919s1979||||dr ||||||b||||||||||spa|| | ||
| 050 | _aRD 860.7293 V662s | ||
| 100 | _aVicioso, Abelardo | ||
| 245 | _aSanto Domingo en las letras coloniales (1492-1800) / Abelardo Vicioso | ||
| 264 | _aSanto Domingo: UASD | ||
| 300 | _a355 p | ||
| 490 | _aColección historia y sociedad No. 35 | ||
| 500 | _aInclye indice y bibliografía. | ||
| 650 | _a1.Literatura - República DominicanaÌ | ||
| 942 |
_2ddc _cBK |
||
| 999 |
_c4835 _d4835 |
||